Countries by nicknames - Statistics

General Stats
  • This quiz has been taken 57 times
  • The average score is 17 of 25
Answer Stats
Nickname Answer % Correct
Land of the rising sun Japan
100%
Land of hope and glory UK
96%
Down under Australia
94%
Emerald Isle Ireland
94%
Great white north Canada
92%
The boot Italy
92%
Gift of the nile Egypt
90%
Land of the free USA
90%
The middle kingdom China
87%
Motherland Russia
83%
Fatherland Germany
77%
Land of fire and ice Iceland
77%
Bread basket of Europe Ukraine
75%
White rus Belarus
71%
The hexagon France
71%
Graveyard of empires Afghanistan
69%
Rainbow nation South Africa
63%
Middle earth New Zealand
62%
The hermit kingdom North Korea
54%
Land of blue sky Mongolia
48%
Land of milk and honey Switzerland
48%
Red isle Madagascar
33%
Pearl of the orient Philippines
31%
Land of eagles Albania
23%
Kingdom in the sky Lesotho
13%
No matching quizzes found
Score Distribution
Percent of People with Each Score
Percentile by Number Answered
Your Score History
You have not taken this quiz